Statistics for American Horror Story: Murder House Characters

Click here to take the quiz!

General Stats

  • This quiz has been taken 602 times
    (519 since last reset)
  • The average score is 12 of 37

Answer Stats

HintAnswer% Correct
Shot his classmates before being shot himself, in love with the aboveTate Langdon
98%
The daughter of the above, cuts herselfViolet Harmon
97%
The father who moves into murder house; a cheating psychiatristBen Harmon
93%
Wife of the above, suffered a miscarriageVivien Harmon
88%
Maid who works in the murder houseMoira O'Hara
78%
Daughter of the above, wants to be a pretty girlAdelaide Langdon
77%
Neighbor of the murder house, is the mother of the school shooterConstance Langdon
76%
Has an affair with the psychiatrist and gets pregnantHayden McClaine
69%
Wife of a doctor whose baby is kidnapped and dismemberedNora Montgomery
46%
Husband of the above who tried to put the baby back togetherCharles Montgomery
41%
Man who lived in the murder house who bought the rubber man suit for his loverChad Warwick
37%
Burned man whose wife and children died in the murder houseLarry Harvey
36%
Dissatisfied lover of the abovePatrick
35%
The medium hired for the murder houseBillie Dean Howard
31%
Girl who overdoses at the dentist and is cut into piecesElizabeth Short
28%
The dismembered baby, also known as the InfantataThaddeus Montgomery
25%
Man cut much like above, was the boyfriend of the neighborTravis Wanderly
22%
Name of the baby who is stillbornJeffrey Harmon
22%
Baby conceived in rape by the rubber man, hinted to be the anti-ChristMichael Langdon
21%
The woman who sells the murder houseMarcy
19%
Girl stabbed in the backNurse Maria
15%
Bully who gets frightened in the basement of the murder houseLeah
15%
The security man for the murder houseLuke
14%
Girl drowned in the bathtubNurse Gladys
13%
The names of the red haired twinsTroy and Brian
9%
Boy who almost moves into the murder house with his family, rides a skateboardGabriel Ramos
9%
Father of the aboveMiguel Ramos
7%
The third to die in the shooting, shot in the jaw while trying to call for helpAmir Stanley
7%
Copycat killer, afraid of being cut in elevator doorsBianca Forest
6%
The first to die in the library at the 1994 Westfield High shooting, a gothStephanie Boggs
6%
Wife of the aboveStacey Ramos
5%
The final victim of the 1994 Westfield High shooting, a cheerleader shot in the chestChloe Stapleton
5%
The fourth to die in the shooting, is a football player shot while confronting the shooterKyle Greenwell
4%
A hairdresser who listens to the neighbor tell of her adopted son in the final episodeHelen
3%
The dentist mentioned aboveDr. Curran
3%
Man who stabs and kills the two previous girlsR. Franklin
3%
The second to die in the shooting, wears a leather jacketKevin Gedman
3%

Score Distribution

Percentile by Number Answered

Percent of People with Each Score

Your Score History

You have not taken this quiz since the last reset